KOHA-Header-6

Business Dictionary (Record no. 9441)

000 -LEADER
fixed length control field 00256nam a2200109Ia 4500
100 ## - MAIN ENTRY--AUTHOR NAME
Personal name Greener,Michael
245 #0 - TITLE STATEMENT
Title Business Dictionary
260 ## - PUBLICATION, DISTRIBUTION, ETC. (IMPRINT)
Place of publication New Jersey
Name of publisher Thomson
Year of publication 1994
300 ## - PHYSICAL DESCRIPTION
Number of Pages 218
942 ## - ADDED ENTRY ELEMENTS (KOHA)
Koha item type Books
Holdings
Withdrawn status Lost status Collection code Permanent Location Current Location Shelving location Date acquired Full call number Accession Number Koha item type
    Dictionaries MAJU MAJU Shelf No.B28 2019-09-14 658.15 5189 DICTIONARY

Powered by Koha